000 01212cam a22002771i 4500
003 SA-RiAUC
005 20251215135203.0
008 251203s1979 su g 000 0 ara c
040 _aSA-RiAUC
_bara
_cSA-RiAUC
_erda
043 _aa-su---
082 0 4 _a215.9004
_qSA-RiAUC
090 _aر 215.9004
_bا ن ص
100 1 _aالأنصاري، سيد محمد صادق
_eمؤلف.
245 1 0 _aعقد الوكالة في الفقه الإسلامي /
_cإعداد سيد محمد صادق الأنصاري ؛ إشراف عبد الوهاب إبراهيم محمد أبو سليمان.
264 1 _aمكة المكرمة :
_bجامعة أم القرى،
_c1979
300 _a259 ورقة ؛
_c30 سم
336 _aنص
_btxt
_2rdacontent
_3كتاب
337 _aبدون وسيط
_bn
_2rdamedia
338 _aمجلد
_bnc
_2rdacarrier
500 _aرسالة مقدمة لنيل درجة الماجستير
650 7 _aالتوكيل (قانون مدني)
_2aucsh
650 7 _aعقود الوكالة
_2aucsh
700 1 _aأبو سليمان، عبد الوهاب إبراهيم محمد،
_d1355-1444 هجري
_eمشرف.
942 _2ddc
_cTHESES
_n0
949 _aSA-JeALM
_d251203
_umohamedma123
_n1
999 _c13549
_d13549